Automobill slovom a obrazom

Salvato in:
Dettagli Bibliografici
Autore principale: Reiche, Werner
Natura: Libro
Lingua:slovacco
Pubblicazione: Bratislava Alfa 1974
Serie:Edícia dopravnej literatúry
Tags: Aggiungi Tag
Nessun Tag, puoi essere il primo ad aggiungerne!!

MARC

LEADER 00000nam a2200000 4500
001 c120643
005 20221108134857.1
041 0 |a slo 
044 |a SK 
245 1 0 |a Automobill slovom a obrazom  |c Werner Reiche 
264 1 |a Bratislava  |b Alfa  |c 1974 
300 |a 246 s. 
490 1 |a Edícia dopravnej literatúry 
830 0 |a Edícia dopravnej literatúry 
100 1 |a Reiche, Werner